000
00256nam a22001097a 4500
999
_c
64974
_d
64971
082
_a
297
_a
KHA
100
_a
Aga Khan
_a
Aga Khan
_a
Dr.ZAKI ALI
245
_a
GLIMPSES OF ISLAM
260
_a
Lahore
_b
Kashmiri Bazar Lahore Pakistan
300
_a
83p
942
_c
BK